[Event "Quebec-ch Rapid Online"]
[Site "Chess.com"]
[Date "2021.03.13"]
[Round "2"]
[White "Mendes, Aaron Reeve"]
[Black "Gougeon, Patrick"]
[Result "1-0"]
[WhiteElo "1522"]
[BlackElo "1258"]
[PlyCount "85"]
[EventDate "2021.03.13"]
[EventType "swiss (rapid)"]
[EventRounds "10"]
[EventCountry "CAN"]

1. e4 d5 2. exd5 Qxd5 3. Nc3 Qd6 4. d4 Nf6 5. Bc4 g6 6. Nge2 Bg7 7. Bf4 Qd8 8.
O-O c6 9. Re1 O-O 10. Qd2 b5 11. Bb3 a5 12. a4 b4 13. Na2 Ne4 14. Qe3 Nf6 15.
Rad1 Nd5 16. Bxd5 cxd5 17. Nec1 Re8 18. Nb3 Bf5 19. Re2 Nd7 20. Rde1 Nf6 21. f3
Rc8 22. Nc5 Nd7 23. g4 Bxg4 24. fxg4 Nxc5 25. dxc5 Bxb2 26. Be5 Bxe5 27. Qxe5
Rxc5 28. Qg5 Rc7 29. Nc1 Qd6 30. Nb3 Qb6+ 31. Kh1 Qd6 32. Nxa5 Ra7 33. Nb3 Rxa4
34. Rxe7 Rc8 35. Qh6 Raa8 36. Nd4 b3 37. Nf5 Qf6 38. cxb3 Ra1 39. R7e2 Rxe1+
40. Rxe1 Rd8 41. Qh4 Qb6 42. Nh6+ Kg7 43. Qg5 1-0

[Event "Quebec-ch Rapid Online"]
[Site "Chess.com"]
[Date "2021.03.13"]
[Round "2"]
[White "Mourad, Michel"]
[Black "Veilleux, Antoine"]
[Result "1-0"]
[WhiteElo "1376"]
[BlackElo "1081"]
[PlyCount "84"]
[EventDate "2021.03.13"]
[EventType "swiss (rapid)"]
[EventRounds "10"]
[EventCountry "CAN"]

1. d4 e5 2. dxe5 Bc5 3. Nf3 d6 4. exd6 Ne7 5. Bg5 Nbc6 6. e3 Bxd6 7. Bb5 O-O 8.
O-O a6 9. Bxc6 bxc6 10. Nc3 f6 11. Bh4 Ng6 12. Bg3 Bg4 13. Ne4 Bxg3 14. Qxd8
Raxd8 15. Nxg3 Bxf3 16. gxf3 Rd2 17. Rac1 Ne5 18. f4 Nc4 19. b3 Na3 20. Nf5
Nxc2 21. Ne7+ Kf7 22. Nxc6 Na3 23. Nb4 a5 24. Na6 Nb5 25. Nxc7 Nxc7 26. Rxc7+
Kg6 27. a3 Rb2 28. Rc3 Rb8 29. f5+ Kg5 30. f4+ Kg4 31. b4 axb4 32. axb4 R8xb4
33. h3+ Kxf5 34. Rf2 Rb1+ 35. Kg2 Re4 36. Kf3 Rh1 37. Rc5+ Re5 38. fxe5 Kg5 39.
e6+ Kg6 40. Rg2+ Kh6 41. e7 Rxh3+ 42. Rg3 Rh1 1-0

[Event "Quebec-ch Rapid Online"]
[Site "Chess.com"]
[Date "2021.03.13"]
[Round "2"]
[White "Ouazri, Ghassane Said"]
[Black "Tanaka, Tyler"]
[Result "0-1"]
[WhiteElo "1720"]
[BlackElo "2098"]
[PlyCount "100"]
[EventDate "2021.03.13"]
[EventType "swiss (rapid)"]
[EventRounds "10"]
[EventCountry "CAN"]

1. e4 c6 2. Nc3 d5 3. Nf3 g6 4. d4 Bg7 5. h3 dxe4 6. Nxe4 Nf6 7. Nxf6+ exf6 8.
Bc4 O-O 9. O-O Nd7 10. c3 b5 11. Bb3 Nb6 12. Bf4 a5 13. a3 a4 14. Ba2 Re8 15.
Qd2 Be6 16. Bxe6 Rxe6 17. Rfe1 Qd5 18. Rxe6 fxe6 19. Re1 Re8 20. Qc1 Qa2 21.
Nd2 Qd5 22. f3 Re7 23. Ne4 Nc4 24. Bh6 f5 25. Bxg7 Kxg7 26. Nf2 e5 27. dxe5
Rxe5 28. Rxe5 Qxe5 29. Nd3 Qd6 30. Nf4 Qc5+ 31. Kh1 Qf2 32. Nd3 Qe2 33. Qb1 Ne3
34. Nf4 Qd2 35. Qd3 Qc1+ 36. Kh2 Nf1+ 37. Kg1 Ng3+ 38. Kf2 Qxf4 39. Qd7+ Kh6
40. Qe8 Nh5 41. Qxc6 Qg3+ 42. Kf1 Nf4 43. Qxb5 Qxg2+ 44. Ke1 Qxb2 45. Qxb2 Nd3+
46. Kd2 Nxb2 47. Kc2 Nc4 48. Kd3 Nxa3 49. Kd4 Nb5+ 50. Kc4 a3 0-1

[Event "Quebec-ch Rapid Online"]
[Site "Chess.com"]
[Date "2021.03.13"]
[Round "2"]
[White "Wu, Jonathan"]
[Black "Hughes-Dupuy, Henry"]
[Result "1-0"]
[WhiteElo "1912"]
[BlackElo "1669"]
[PlyCount "61"]
[EventDate "2021.03.13"]
[EventType "swiss (rapid)"]
[EventRounds "10"]
[EventCountry "CAN"]

1. e4 c6 2. Nc3 d5 3. Nf3 dxe4 4. Nxe4 Bf5 5. Ng3 Bg6 6. h4 h6 7. Ne5 Qd6 8.
Nxg6 Qxg6 9. Bd3 Qd6 10. Qe2 Nf6 11. Nf5 Qc7 12. b3 Nbd7 13. Bb2 e6 14. Ng3 Bd6
15. Nf5 O-O-O 16. Nxd6+ Qxd6 17. O-O-O Nc5 18. Bc4 b5 19. Be5 Qe7 20. Qf3 Nd5
21. Bxd5 Rxd5 22. Bxg7 Rhd8 23. Bf6 Qd6 24. Bxd8 Rd3 25. cxd3 Nxb3+ 26. axb3
Qa3+ 27. Kc2 Qa2+ 28. Kc3 b4+ 29. Kd4 Qb2+ 30. Ke3 Qe5+ 31. Qe4 1-0

[Event "Quebec-ch Rapid Online"]
[Site "Chess.com"]
[Date "2021.03.13"]
[Round "2"]
[White "Zheng, Richard"]
[Black "Duval, Mathieu"]
[Result "1-0"]
[WhiteElo "2069"]
[BlackElo "1612"]
[PlyCount "75"]
[EventDate "2021.03.13"]
[EventType "swiss (rapid)"]
[EventRounds "10"]
[EventCountry "CAN"]

1. d4 Nf6 2. Nd2 g6 3. e4 d6 4. Ngf3 Bg7 5. Bd3 O-O 6. O-O Nbd7 7. b4 a5 8. b5
b6 9. c4 Bb7 10. Ba3 c6 11. Rc1 c5 12. Bb2 Rc8 13. Qe2 cxd4 14. Bxd4 Nc5 15.
Bb1 Qc7 16. Rfd1 Nfd7 17. Bxg7 Kxg7 18. Nf1 e5 19. Ng3 Nf6 20. Qe3 h6 21. Nh4
Ng4 22. Qf3 f5 23. h3 Nf6 24. Ngxf5+ gxf5 25. Nxf5+ Kh7 26. Nxd6 Nfxe4 27. Qg4
Rf4 28. Qh5 Rcf8 29. f3 Kg7 30. fxe4 Nxe4 31. Nxb7 Qxb7 32. Qxe5+ R8f6 33. Bxe4
Rxe4 34. Rd7+ Qxd7 35. Qxe4 Qd2 36. Qe7+ Rf7 37. Qe5+ Rf6 38. Rf1 1-0

[Event "Quebec-ch Rapid Online"]
[Site "Chess.com"]
[Date "2021.03.13"]
[Round "3"]
[White "Batorshyn, Ilia"]
[Black "Guipi Bopala, Prince Eric jr"]
[Result "1/2-1/2"]
[WhiteElo "1343"]
[BlackElo "1863"]
[PlyCount "86"]
[EventDate "2021.03.13"]
[EventType "swiss (rapid)"]
[EventRounds "10"]
[EventCountry "CAN"]

1. b3 d5 2. Bb2 Nf6 3. e3 e6 4. f4 Be7 5. Nf3 c5 6. Ne5 Nc6 7. Bb5 Bd7 8. Bxc6
Bxc6 9. O-O d4 10. c3 dxe3 11. dxe3 Qc7 12. Qe2 Rd8 13. Nd2 O-O 14. Rad1 Nd7
15. Nxc6 Qxc6 16. c4 Bf6 17. Bxf6 Nxf6 18. e4 Rd4 19. e5 Ne4 20. Nxe4 Qxe4 21.
Qxe4 Rxe4 22. Rd7 Re2 23. Rxb7 Rd8 24. h3 g6 25. Rf3 Rd1+ 26. Kh2 Rdd2 27. Rg3
Rxa2 28. Rc7 Rf2 29. Rxc5 Rxf4 30. Rg4 Rff2 31. h4 h5 32. Rg5 Rab2 33. Rb5 Rf4
34. Kh3 Ra2 35. c5 Rc2 36. b4 Rc3+ 37. Rg3 Rcc4 38. Rb3 Rxh4+ 39. Kg3 Rhg4+ 40.
Kf3 Rgf4+ 41. Kg3 Rg4+ 42. Kh3 Rh4+ 43. Kg3 Rhg4+ 1/2-1/2

[Event "Quebec-ch Rapid Online"]
[Site "Chess.com"]
[Date "2021.03.13"]
[Round "3"]
[White "Duval, Mathieu"]
[Black "Lynch, Jonathan"]
[Result "0-1"]
[WhiteElo "1612"]
[BlackElo "1337"]
[PlyCount "70"]
[EventDate "2021.03.13"]
[EventType "swiss (rapid)"]
[EventRounds "10"]
[EventCountry "CAN"]

1. d4 d6 2. c4 g6 3. Nf3 Bg7 4. Nc3 Nd7 5. e4 e5 6. d5 Ne7 7. Be2 O-O 8. O-O h6
9. Be3 f5 10. h3 f4 11. Bd2 g5 12. Ne1 Nf6 13. Nd3 Bd7 14. c5 Qe8 15. b4 Qg6
16. f3 h5 17. b5 g4 18. hxg4 hxg4 19. fxg4 Nxg4 20. c6 bxc6 21. bxc6 Qh5 22.
Bxg4 Bxg4 23. Qe1 Bf6 24. g3 fxg3 25. Qxg3 Bh4 26. Qg2 Ng6 27. Ne1 Rxf1+ 28.
Qxf1 Rf8 29. Qd3 Bf2+ 30. Kg2 Nh4+ 31. Kf1 Be3+ 32. Nf3 Rxf3+ 33. Ke2 Rh3+ 34.
Ke1 Rh1+ 35. Qf1 Ng2# 0-1

[Event "Quebec-ch Rapid Online"]
[Site "Chess.com"]
[Date "2021.03.13"]
[Round "3"]
[White "Hemphrey, David"]
[Black "Lu, Aiden"]
[Result "1-0"]
[WhiteElo "1478"]
[BlackElo "1107"]
[PlyCount "85"]
[EventDate "2021.03.13"]
[EventType "swiss (rapid)"]
[EventRounds "10"]
[EventCountry "CAN"]

1. e4 e5 2. Nf3 Nc6 3. Bb5 a6 4. Ba4 Nf6 5. d3 b5 6. Bb3 Bc5 7. O-O O-O 8. Re1
d6 9. h3 Be6 10. Bg5 h6 11. Bh4 Qe7 12. Nc3 Nd4 13. Nxd4 Bxd4 14. Nd5 Bxd5 15.
Bxd5 Rac8 16. c3 Bb6 17. Bb7 Rb8 18. Bxa6 c6 19. a4 Bd8 20. d4 Qa7 21. axb5
cxb5 22. Bg3 Qb6 23. dxe5 dxe5 24. Bxe5 Ra8 25. Qd6 Qxd6 26. Bxd6 Re8 27. e5
Nd7 28. Bxb5 Rxa1 29. Rxa1 Re6 30. Bxd7 Rg6 31. Ra8 Kh7 32. Rxd8 h5 33. Bf5 Kh6
34. Bxg6 Kxg6 35. c4 h4 36. c5 Kh5 37. c6 f6 38. c7 fxe5 39. c8=Q g5 40. Rh8+
Kg6 41. Qe6+ Kg7 42. Qh6+ Kf7 43. Rf8# 1-0

[Event "Quebec-ch Rapid Online"]
[Site "Chess.com"]
[Date "2021.03.13"]
[Round "3"]
[White "Mourad, Michel"]
[Black "Ouazri, Ghassane Said"]
[Result "1-0"]
[WhiteElo "1376"]
[BlackElo "1720"]
[PlyCount "107"]
[EventDate "2021.03.13"]
[EventType "swiss (rapid)"]
[EventRounds "10"]
[EventCountry "CAN"]

1. d4 Nf6 2. c4 e6 3. Nc3 Bb4 4. a3 Bxc3+ 5. bxc3 O-O 6. Bg5 h6 7. Bh4 Nc6 8.
e3 d6 9. Nf3 b6 10. Bd3 Ba6 11. O-O Na5 12. Qa4 c5 13. Rfd1 Qe7 14. d5 g5 15.
Bg3 e5 16. e4 Nh5 17. Nd2 Nf4 18. Bxf4 gxf4 19. f3 Kh8 20. Nb3 Nxb3 21. Qxb3
Rg8 22. Kf2 Rg6 23. Rg1 Qh4+ 24. Kf1 Qxh2 25. Qa4 Rag8 26. Ra2 Bc8 27. Rf2 Rxg2
28. Rfxg2 Rxg2 29. Rxg2 Qh1+ 30. Kf2 Qh4+ 31. Ke2 Qe7 32. Qd1 Kh7 33. Qg1 Qf6
34. Rh2 Qg6 35. Qxg6+ fxg6 36. Rh1 h5 37. a4 Kh6 38. a5 g5 39. axb6 axb6 40.
Kf2 Kg6 41. Rb1 g4 42. Rxb6 g3+ 43. Kg2 h4 44. Rxd6+ Kg5 45. Bf1 h3+ 46. Kh1 h2
47. Rd8 Ba6 48. d6 Kf6 49. Re8 Bb7 50. d7 Bxe4 51. d8=Q+ Kg6 52. Qd6+ Kf7 53.
Qe6+ Kg7 54. Re7+ 1-0

[Event "Quebec-ch Rapid Online"]
[Site "Chess.com"]
[Date "2021.03.13"]
[Round "3"]
[White "Tanaka, Tyler"]
[Black "Fang, Zhou"]
[Result "1-0"]
[WhiteElo "2098"]
[BlackElo "1652"]
[PlyCount "87"]
[EventDate "2021.03.13"]
[EventType "swiss (rapid)"]
[EventRounds "10"]
[EventCountry "CAN"]

1. e4 d6 2. d4 Nf6 3. Bd3 Nbd7 4. Ne2 e5 5. c3 Be7 6. O-O c6 7. f4 Qc7 8. Ng3
exd4 9. cxd4 Nf8 10. Nc3 b5 11. e5 N6d7 12. Nf5 g6 13. Nxe7 Kxe7 14. f5 dxe5
15. dxe5 gxf5 16. Bg5+ Ke8 17. Bxf5 Nc5 18. b4 Bxf5 19. Rxf5 Nce6 20. Bf6 Rg8
21. Ne4 Nd7 22. Nd6+ Kf8 23. Qh5 Nxf6 24. Rxf6 Rg7 25. Raf1 Nd8 26. Nxf7 Nxf7
27. e6 Kg8 28. exf7+ Kf8 29. Qc5+ Qe7 30. Qxe7+ Kxe7 31. f8=Q+ Rxf8 32. Rxf8 a5
33. bxa5 Kd6 34. a6 Ra7 35. R8f6+ Kc5 36. Rc1+ Kb4 37. Rfxc6 Ka3 38. Rb6 b4 39.
Rc5 Kxa2 40. Rxb4 Rxa6 41. Rc7 Ka3 42. Rbb7 h5 43. Ra7 Ra4 44. Rc3+ 1-0

[Event "Quebec-ch Rapid Online"]
[Site "Chess.com"]
[Date "2021.03.13"]
[Round "3"]
[White "Tsanaclis, Albert"]
[Black "Varro, Daniel"]
[Result "1/2-1/2"]
[WhiteElo "1771"]
[BlackElo "1453"]
[PlyCount "107"]
[EventDate "2021.03.13"]
[EventType "swiss (rapid)"]
[EventRounds "10"]
[EventCountry "CAN"]

1. e4 c5 2. Nf3 e6 3. d4 cxd4 4. Nxd4 Nf6 5. Nc3 Nc6 6. Be2 Bb4 7. Bg5 Qa5 8.
Bxf6 Bxc3+ 9. bxc3 Qxc3+ 10. Kf1 gxf6 11. Nb5 Qe5 12. Nd6+ Ke7 13. Nc4 Qc7 14.
Qd2 b5 15. Ne3 a6 16. g3 Bb7 17. f4 h5 18. Kf2 h4 19. c4 Qb6 20. cxb5 axb5 21.
Rab1 hxg3+ 22. hxg3 Rxh1 23. Rxh1 Nd4 24. Rb1 Nxe2 25. Qxe2 b4 26. Qd2 Bxe4 27.
Rxb4 Rxa2 28. Qxa2 Qxb4 29. Ke2 Bb1 30. Qa7 f5 31. Qc7 Qb2+ 32. Ke1 Be4 33.
Qc5+ Kf6 34. Ng4+ Kg7 35. Ne5 Qa1+ 36. Kd2 Qa2+ 37. Ke1 Qb1+ 38. Kd2 Qb2+ 39.
Ke1 Qb1+ 40. Kd2 Qc2+ 41. Qxc2 Bxc2 42. Kxc2 d6 43. Nf3 Kf6 44. Kc3 e5 45.
fxe5+ dxe5 46. Kc4 e4 47. Nh4 Kg5 48. Kd4 Kg4 49. Ke3 Kxg3 50. Nxf5+ Kg4 51.
Kxe4 Kg5 52. Ke5 f6+ 53. Ke6 Kf4 54. Kxf6 1/2-1/2

[Event "Quebec-ch Rapid Online"]
[Site "Chess.com"]
[Date "2021.03.13"]
[Round "3"]
[White "Turcotte, Jonathan"]
[Black "Wu, Jonathan"]
[Result "1-0"]
[WhiteElo "1974"]
[BlackElo "1912"]
[PlyCount "65"]
[EventDate "2021.03.13"]
[EventType "swiss (rapid)"]
[EventRounds "10"]
[EventCountry "CAN"]

1. d4 Nf6 2. c4 g6 3. Nc3 d5 4. Bf4 Bg7 5. e3 O-O 6. Rc1 c6 7. h3 Be6 8. Qb3
Qb6 9. c5 Qxb3 10. axb3 Nbd7 11. b4 b6 12. Ba6 Rae8 13. Nf3 Ne4 14. O-O Nb8 15.
Bb7 a5 16. cxb6 axb4 17. Na4 Nd6 18. Ba8 Rc8 19. Ne5 Bxe5 20. Bxe5 Nc4 21. Bc7
Na6 22. Bb7 Nxc7 23. Bxc8 Rxc8 24. bxc7 Rxc7 25. Rfd1 Bf5 26. b3 Na3 27. Rd2 h5
28. f3 g5 29. Nc5 Bc8 30. Nd3 Rb7 31. Rxc6 Bd7 32. Rc1 Rb8 33. Ra2 1-0

[Event "Quebec-ch Rapid Online"]
[Site "Chess.com"]
[Date "2021.03.13"]
[Round "3"]
[White "Turgeon-Dalpe, Alexandre"]
[Black "Gougeon, Patrick"]
[Result "1-0"]
[WhiteElo "1445"]
[BlackElo "1258"]
[PlyCount "59"]
[EventDate "2021.03.13"]
[EventType "swiss (rapid)"]
[EventRounds "10"]
[EventCountry "CAN"]

1. e4 d5 2. exd5 Qxd5 3. Nc3 Qd6 4. d4 Nf6 5. Nf3 g6 6. Bb5+ c6 7. Bc4 Bf5 8.
O-O Bg7 9. Ne2 Nd5 10. c3 O-O 11. Qb3 Be4 12. Qxb7 Nd7 13. Ng3 Rfb8 14. Qa6 Rb6
15. Nxe4 Qc7 16. Qa5 f5 17. Neg5 Qd6 18. g3 h6 19. Bf4 Qf6 20. Bxd5+ cxd5 21.
Qxd5+ e6 22. Qxa8+ Bf8 23. Qxa7 Qe7 24. Rae1 hxg5 25. Nxg5 Rxb2 26. Rxe6 Qg7
27. Rfe1 Rc2 28. Re8 Nf6 29. R1e7 Nxe8 30. Rxg7+ 1-0

[Event "Quebec-ch Rapid Online"]
[Site "Chess.com"]
[Date "2021.03.13"]
[Round "3"]
[White "Yan, Alex Jikai"]
[Black "Chelkowski, Jan"]
[Result "1-0"]
[WhiteElo "1520"]
[BlackElo "1149"]
[PlyCount "25"]
[EventDate "2021.03.13"]
[EventType "swiss (rapid)"]
[EventRounds "10"]
[EventCountry "CAN"]

1. e4 e5 2. Nf3 Nc6 3. Bc4 h6 4. c3 Bc5 5. d4 exd4 6. cxd4 Bb6 7. Nc3 Na5 8.
Bxf7+ Kxf7 9. Ne5+ Ke7 10. Ng6+ Kf6 11. Qf3+ Ke6 12. Qf5+ Kd6 13. Qd5# 1-0

[Event "Quebec-ch Rapid Online"]
[Site "Chess.com"]
[Date "2021.03.13"]
[Round "4"]
[White "Batorshyn, Ilia"]
[Black "Turcotte, Jonathan"]
[Result "1/2-1/2"]
[WhiteElo "1343"]
[BlackElo "1974"]
[PlyCount "112"]
[EventDate "2021.03.13"]
[EventType "swiss (rapid)"]
[EventRounds "10"]
[EventCountry "CAN"]

1. b3 d5 2. Bb2 Bf5 3. e3 e6 4. Nf3 Nf6 5. Be2 h6 6. O-O Be7 7. Ne5 O-O 8. f4
Nbd7 9. Rf3 Nxe5 10. fxe5 Ne4 11. d3 Nc5 12. Nd2 a5 13. a4 c6 14. Nf1 f6 15.
Ng3 Bg6 16. Qd2 fxe5 17. Bxe5 Rxf3 18. Bxf3 Nd7 19. Bb2 Bf6 20. Bxf6 Nxf6 21.
d4 Qc7 22. Rf1 e5 23. c4 Re8 24. Qc3 exd4 25. exd4 Qb6 26. c5 Qb4 27. Qxb4 axb4
28. Kf2 Bc2 29. Bd1 Bxd1 30. Rxd1 Ng4+ 31. Kg1 Re3 32. Rb1 g6 33. Nf1 Rd3 34.
h3 Nf6 35. Nh2 Rxd4 36. Nf3 Rd3 37. Ne5 Rg3 38. Kh2 Ne4 39. a5 Kg7 40. Nxc6 Rc3
41. Nxb4 Rxc5 42. Rd1 Rxa5 43. Rxd5 Rxd5 44. Nxd5 Kf7 45. b4 g5 46. g4 Ke6 47.
Ne3 Nc3 48. Nf5 Nd5 49. Nxh6 Nxb4 50. Nf5 Nc2 51. Ng3 Ke5 52. Ne2 b5 53. Kg3 b4
54. Nc1 Ke4 55. h4 gxh4+ 56. Kxh4 Ne3 1/2-1/2

[Event "Quebec-ch Rapid Online"]
[Site "Chess.com"]
[Date "2021.03.13"]
[Round "4"]
[White "Chelkowski, Jan"]
[Black "Lu, Aiden"]
[Result "0-1"]
[WhiteElo "1149"]
[BlackElo "1107"]
[PlyCount "30"]
[EventDate "2021.03.13"]
[EventType "swiss (rapid)"]
[EventRounds "10"]
[EventCountry "CAN"]

1. e4 e5 2. Nf3 Nc6 3. Bc4 Bc5 4. d3 Nf6 5. Ng5 O-O 6. Nc3 d6 7. Nd5 h6 8. Nf3
Bg4 9. O-O Nd4 10. h3 Nxf3+ 11. gxf3 Bxh3 12. Re1 Nxd5 13. exd5 Qh4 14. Qe2
Qg3+ 15. Kh1 Qg2# 0-1

[Event "Quebec-ch Rapid Online"]
[Site "Chess.com"]
[Date "2021.03.13"]
[Round "4"]
[White "Guipi Bopala, Prince Eric jr"]
[Black "Hughes-Dupuy, Henry"]
[Result "0-1"]
[WhiteElo "1863"]
[BlackElo "1669"]
[PlyCount "120"]
[EventDate "2021.03.13"]
[EventType "swiss (rapid)"]
[EventRounds "10"]
[EventCountry "CAN"]

1. d4 Nf6 2. c4 g6 3. Nc3 Bg7 4. e4 d6 5. f3 O-O 6. Be3 e5 7. Nge2 Nc6 8. d5
Ne7 9. Qd2 Ne8 10. g4 f5 11. gxf5 gxf5 12. O-O-O f4 13. Bf2 Ng6 14. h4 h5 15.
Bh3 Bxh3 16. Rxh3 Qd7 17. Rhh1 Kh7 18. Kb1 a6 19. c5 Rf6 20. Nc1 a5 21. Nd3 Bf8
22. cxd6 cxd6 23. Rc1 b5 24. Ne2 Bh6 25. Qc2 Rf7 26. Qc6 Qxc6 27. Rxc6 Rb8 28.
Rhc1 Ne7 29. Rb6 Rxb6 30. Bxb6 a4 31. Nc3 Nc8 32. Bf2 Nc7 33. Nb4 Bg7 34. Nxb5
Nxb5 35. Rxc8 Bf6 36. Ra8 Rg7 37. Rxa4 Rg2 38. Bb6 Bxh4 39. Ra8 Nd4 40. Bxd4
exd4 41. a4 Bf6 42. a5 h4 43. a6 h3 44. a7 h2 45. Rh8+ Bxh8 46. a8=Q h1=Q+ 47.
Ka2 d3 48. Nxd3 Qh2 49. Qb7+ Bg7 50. Ka3 Rd2 51. Qb5 Rxd3+ 52. Qxd3 Qxb2+ 53.
Ka4 Qd4+ 54. Qxd4 Bxd4 55. Kb5 Kh6 56. Kc6 Be5 57. Kb5 Kh5 58. Kc4 Kh4 59. Kd3
Kg3 60. Ke2 Kg2 0-1

[Event "Quebec-ch Rapid Online"]
[Site "Chess.com"]
[Date "2021.03.13"]
[Round "4"]
[White "Lynch, Jonathan"]
[Black "Yan, Alex Jikai"]
[Result "1-0"]
[WhiteElo "1337"]
[BlackElo "1520"]
[PlyCount "135"]
[EventDate "2021.03.13"]
[EventType "swiss (rapid)"]
[EventRounds "10"]
[EventCountry "CAN"]

1. d4 d5 2. Bf4 e6 3. e3 Nf6 4. Be2 Bd6 5. Bg3 O-O 6. c3 Re8 7. Nf3 Nc6 8. Ne5
Ne4 9. Nxc6 bxc6 10. Nd2 Nxg3 11. hxg3 e5 12. dxe5 Bxe5 13. Nf3 Bf6 14. Qc2 h6
15. O-O-O a5 16. Nd4 Bxd4 17. Rxd4 c5 18. Rdh4 Re6 19. g4 Ba6 20. Bf3 c6 21.
Rh5 Rg6 22. Qf5 Rg5 23. Qf4 Bd3 24. Bd1 Bg6 25. R5h4 Qb8 26. Qxb8+ Rxb8 27. f4
f6 28. fxg5 fxg5 29. R4h3 Be4 30. Bf3 Re8 31. Rf1 Rf8 32. Kd2 Rf6 33. Ke2 Bg6
34. g3 c4 35. Rd1 Bd3+ 36. Rxd3 cxd3+ 37. Kf2 d2 38. Rh1 Kf7 39. Rd1 Ke6 40.
Rxd2 g6 41. Ke2 Rf8 42. e4 Rd8 43. Ke3 Ke5 44. exd5 cxd5 45. Rd4 Rd6 46. Ra4
Ra6 47. b4 Rc6 48. Kd3 axb4 49. Rxb4 Ra6 50. a4 Ra5 51. c4 dxc4+ 52. Kxc4 Kd6
53. Rb6+ Kc7 54. Rb7+ Kc8 55. Kb4 Ra6 56. a5 Re6 57. a6 Rxa6 58. Rh7 Rf6 59.
Bd5 h5 60. gxh5 gxh5 61. Rxh5 Rg6 62. Kc5 Kd7 63. Rh7+ Kd8 64. g4 Rf6 65. Rg7
Ra6 66. Rxg5 Ra5+ 67. Kd6 Ra6+ 68. Bc6 1-0

[Event "Quebec-ch Rapid Online"]
[Site "Chess.com"]
[Date "2021.03.13"]
[Round "4"]
[White "Mendes, Aaron Reeve"]
[Black "Mourad, Michel"]
[Result "1-0"]
[WhiteElo "1522"]
[BlackElo "1376"]
[PlyCount "51"]
[EventDate "2021.03.13"]
[EventType "swiss (rapid)"]
[EventRounds "10"]
[EventCountry "CAN"]

1. e4 e5 2. Nf3 Nf6 3. Nxe5 d6 4. Nf3 Nxe4 5. Nc3 Nxc3 6. dxc3 Be7 7. h3 Nc6 8.
Be3 O-O 9. Qd2 Bf5 10. O-O-O a5 11. g4 Be4 12. Bg2 Ne5 13. Nxe5 Bxg2 14. Rh2
Bxh3 15. Nxf7 Rxf7 16. Rxh3 h6 17. Kb1 a4 18. Rdh1 Kf8 19. g5 Bxg5 20. Bxg5 Qd7
21. Bxh6 gxh6 22. Qxh6+ Rg7 23. Qf6+ Qf7 24. Rh8+ Rg8 25. Rxg8+ Kxg8 26. Rh8#
1-0

[Event "Quebec-ch Rapid Online"]
[Site "Chess.com"]
[Date "2021.03.13"]
[Round "4"]
[White "Varro, Daniel"]
[Black "Duval, Mathieu"]
[Result "1-0"]
[WhiteElo "1453"]
[BlackElo "1612"]
[PlyCount "47"]
[EventDate "2021.03.13"]
[EventType "swiss (rapid)"]
[EventRounds "10"]
[EventCountry "CAN"]

1. d3 c5 2. Nc3 Nc6 3. g3 g6 4. Bg2 Bg7 5. e4 d6 6. Nge2 Nf6 7. O-O O-O 8. h3
a6 9. Be3 Rb8 10. a4 Nb4 11. d4 cxd4 12. Nxd4 Nc6 13. Kh2 Na5 14. Bc1 Nd5 15.
Nxd5 Bxd4 16. Qxd4 Nb3 17. Qd3 Nxa1 18. Bh6 Nb3 19. Qxb3 Qd7 20. h4 Qe8 21. g4
g5 22. Bxg5 Kg7 23. h5 b5 24. h6+ 1-0

[Event "Quebec-ch Rapid Online"]
[Site "Chess.com"]
[Date "2021.03.13"]
[Round "4"]
[White "Veilleux, Antoine"]
[Black "Hemphrey, David"]
[Result "0-1"]
[WhiteElo "1081"]
[BlackElo "1478"]
[PlyCount "76"]
[EventDate "2021.03.13"]
[EventType "swiss (rapid)"]
[EventRounds "10"]
[EventCountry "CAN"]

1. d4 Nf6 2. Bf4 e6 3. Nf3 c5 4. dxc5 Bxc5 5. c4 Qb6 6. Bg3 Ne4 7. e3 Qxb2 8.
Nbd2 Bb4 9. Rb1 Qa3 10. Be2 Qa5 11. Rb2 Nc3 12. Qb3 Nxe2 13. Kxe2 Nc6 14. Rd1
O-O 15. Kf1 Bc3 16. Rc2 Bf6 17. Ne4 Qd8 18. Nxf6+ Qxf6 19. Bh4 Qg6 20. Nd4 Ne5
21. Bg3 Ng4 22. Nf3 b6 23. Rd4 Rd8 24. Rcd2 Nf6 25. Ne5 Qf5 26. h3 Ne4 27. Nf3
Nxd2+ 28. Nxd2 Ba6 29. Rf4 Qa5 30. Qc2 d5 31. Rh4 g6 32. Kg1 Rac8 33. Kh2 dxc4
34. Nxc4 Qc5 35. Qa4 Bxc4 36. Qxa7 b5 37. Qxc5 Rxc5 38. Be5 Rxe5 0-1

[Event "Quebec-ch Rapid Online"]
[Site "Chess.com"]
[Date "2021.03.13"]
[Round "4"]
[White "Wu, Jonathan"]
[Black "Tsanaclis, Albert"]
[Result "1-0"]
[WhiteElo "1912"]
[BlackElo "1771"]
[PlyCount "79"]
[EventDate "2021.03.13"]
[EventType "swiss (rapid)"]
[EventRounds "10"]
[EventCountry "CAN"]

1. e4 c5 2. Nc3 Nc6 3. Bb5 g6 4. Bxc6 dxc6 5. d3 Bg7 6. Be3 b6 7. Qd2 e5 8. f4
exf4 9. Bxf4 Nf6 10. Nf3 O-O 11. O-O Bg4 12. Kh1 Ne8 13. Ne5 Bd7 14. Rae1 Nc7
15. Nxd7 Qxd7 16. Bh6 Ne6 17. Bxg7 Kxg7 18. e5 c4 19. Ne4 cxd3 20. Nf6 Qc7 21.
Ng4 g5 22. Qxd3 h5 23. Ne3 Nf4 24. Qf5 Qe7 25. Qxf4 gxf4 26. Nf5+ Kh7 27. Nxe7
c5 28. Rxf4 Rae8 29. Nd5 Re6 30. Nf6+ Kg6 31. h3 Rd8 32. Rf2 Rd4 33. Re3 h4 34.
Ng4 f5 35. exf6 Rxe3 36. Nxe3 Kf7 37. Nf5 Rd1+ 38. Kh2 Rd7 39. Nh6+ Kg6 40. f7
1-0

[Event "Quebec-ch Rapid Online"]
[Site "Chess.com"]
[Date "2021.03.13"]
[Round "4"]
[White "Zheng, Richard"]
[Black "Latreille, Etienne"]
[Result "1-0"]
[WhiteElo "2069"]
[BlackElo "1891"]
[PlyCount "55"]
[EventDate "2021.03.13"]
[EventType "swiss (rapid)"]
[EventRounds "10"]
[EventCountry "CAN"]

1. b3 d5 2. Bb2 c6 3. e3 Nf6 4. Nf3 Bf5 5. d3 Nbd7 6. Nh4 Bg6 7. Nxg6 hxg6 8.
d4 e6 9. Bd3 Bd6 10. Nd2 Rc8 11. Nf3 c5 12. dxc5 Nxc5 13. O-O Qc7 14. h3 e5 15.
Nd2 a6 16. e4 dxe4 17. Be2 Ne6 18. Nc4 Rd8 19. Nxd6+ Rxd6 20. Qe1 Nd4 21. Rc1
Nxc2 22. Bxe5 Qc6 23. Rxc2 Qxc2 24. Bxd6 Qxa2 25. Qc3 Kd7 26. Qc7+ Ke6 27. Qe7+
Kf5 28. Qe5# 1-0

[Event "Quebec-ch Rapid Online"]
[Site "Chess.com"]
[Date "2021.03.13"]
[Round "5"]
[White "Hemphrey, David"]
[Black "Mourad, Michel"]
[Result "0-1"]
[WhiteElo "1478"]
[BlackElo "1376"]
[PlyCount "56"]
[EventDate "2021.03.13"]
[EventType "swiss (rapid)"]
[EventRounds "10"]
[EventCountry "CAN"]

1. e4 e5 2. Nf3 Nf6 3. Nxe5 d6 4. Nf3 Nxe4 5. d4 d5 6. Bd3 Bg4 7. h3 Bh5 8. Qe2
f5 9. c4 c6 10. Nc3 Be7 11. Bf4 Nd7 12. cxd5 Nxc3 13. bxc3 cxd5 14. Bxf5 O-O
15. Qe6+ Kh8 16. Bg3 Bxf3 17. gxf3 Nb6 18. O-O Rf6 19. Qe3 Rxf5 20. Rfe1 Bd6
21. Be5 Nc4 22. Qd3 Qg5+ 23. Kf1 Bxe5 24. dxe5 Rxf3 25. Qxd5 Raf8 26. Re2 Ne3+
27. Rxe3 Rxf2+ 28. Ke1 Qg1# 0-1

[Event "Quebec-ch Rapid Online"]
[Site "Chess.com"]
[Date "2021.03.13"]
[Round "5"]
[White "Hughes-Dupuy, Henry"]
[Black "Batorshyn, Ilia"]
[Result "1-0"]
[WhiteElo "1669"]
[BlackElo "1343"]
[PlyCount "47"]
[EventDate "2021.03.13"]
[EventType "swiss (rapid)"]
[EventRounds "10"]
[EventCountry "CAN"]

1. e4 e6 2. d4 d5 3. exd5 exd5 4. Bd3 Nf6 5. c3 Be7 6. Bf4 O-O 7. Nf3 Bg4 8.
Nbd2 c6 9. Qc2 Re8 10. O-O Nbd7 11. Rfe1 Bxf3 12. Nxf3 Nf8 13. Ne5 Ne6 14. Bg3
Rc8 15. Bh4 h6 16. Nxf7 Qd7 17. Ne5 Qc7 18. Ng6 Nf4 19. Nxf4 Qxf4 20. Bg3 Qg5
21. h4 Qh5 22. Bg6 Qg4 23. Bf5 Qh5 24. Bxc8 1-0